Hauptstädte und größte Städte (Kanada) - Statistiken

Allgemein
  • Dieses Quiz wurde 33 mal gespielt
  • Das Durchschnittsergebnis liegt bei 10 aus 28
Antwortstatistiken
Antwort % Korrekt
Toronto
100%
Ottawa
95%
Vancouver
74%
Edmonton
68%
Toronto
58%
Toronto
58%
Montreal
53%
Calgary
47%
Québec
47%
Winnipeg
42%
Winnipeg
42%
Halifax
32%
Halifax
32%
Regina
32%
Yellowknife
32%
Yellowknife
32%
Victoria
26%
Whitehorse
26%
Whitehorse
26%
Fredericton
21%
St. John’s
21%
St. John’s
21%
Charlottetown
11%
Charlottetown
11%
Iqaluit
11%
Iqaluit
11%
Saskatoon
11%
Moncton
5%
Keine übereinstimmenden Quizze gefunden
Verteilung der Resultate
Anzahl Personen mit jedem Resultat
Perzentil nach korrekt beantworteten Fragen
Ihre Resultats-Entwicklung
Sie haben dieses Quiz noch nicht gespielt